[Event "Ch Germany (team) (South-west) 1979/80"]
[Site "masterchessopen.com - Germany"]
[Round "0"]
[White "Clever Gerd (GER)"]
[Black "Holfelder Hans Joachim (GER)"]
[Result "1-0"]
[WhiteElo "2375"]
[BlackElo "2224"]

1.d4 Nf6 2.c4 e6 3.Nf3 c5 4.d5 exd5 5.cxd5 d6 6.Nc3 g6 7.Bg5 Bg7 8.e4 O-O
9.Nd2 Re8 10.Be2 b6 11.O-O Nbd7 12.f4 h6 13.Bh4 a6 14.Nc4 g5 15.fxg5 Nxe4
16.Bh5 Nxc3 17.bxc3 Rf8 18.Bxf7+ Rxf7 19.Rxf7 hxg5 20.Qh5 {#r} 1-0

[Event "It (open)"]
[Site "masterchessopen.com - Skiern (Denmark)"]
[Round "1"]
[White "Niklasson Christer (SWE)"]
[Black "Angantysson Haukur (ISL)"]
[Result "0-1"]
[WhiteElo "2395"]
[BlackElo "2425"]

1.d4 Nf6 2.c4 e6 3.Nf3 c5 4.d5 exd5 5.cxd5 d6 6.Nc3 g6 7.e4 Bg7 8.Bg5 O-O
9.Nd2 Na6 10.Be2 Nc7 11.a4 Rb8 12.O-O a6 13.f4 Qd7 14.a5 Nb5 15.Na4 Re8 16.Nb6
Qc7 17.e5 Nd7 18.Ne4 dxe5 19.d6 Qc6 20.Bf3 Kh8 21.fxe5 Nd4 22.Nf6 Nxf3+
23.Rxf3 Rxe5 24.Qd2 Nxb6 25.axb6 Bf5 26.Rd1 Re6 27.Qf4 Bxf6 28.Bxf6+ Rxf6
29.Qe5 Kg7 30.Re3 Rd8 31.g4 Rxd6 32.Rxd6 Qxd6 33.gxf5 Qxe5 34.Rxe5 Rxb6
35.fxg6 hxg6 36.Rxc5 Rxb2 37.Rc7 Rb1+ 38.Kf2 Rb2+ 39.Ke3 Rb3+ 40.Kd4 Rb4+ {#R}
0-1

[Event "Ch Sweden"]
[Site "masterchessopen.com - Sweden"]
[Round "0"]
[White "Runnby Jan (SWE)"]
[Black "Johansson Mikael (SWE)"]
[Result "0-1"]
[WhiteElo "2250"]
[BlackElo "2284"]

1.d4 Nf6 2.c4 c5 3.d5 e6 4.Nc3 exd5 5.cxd5 d6 6.e4 g6 7.Nf3 Bg7 8.Bg5 h6 9.Bh4
g5 10.Bg3 Nh5 11.Bb5+ Kf8 12.e5 Nxg3 13.fxg3 a6 14.Bd3 Qb6 15.Nd2 Qxb2 16.O-O
Bxe5 17.Qh5 f6 18.Nde4 Ke7 19.Rae1 Nd7 20.Qg6 Kd8 21.Rb1 Qa3 22.Rb3 Qa5
23.Nxf6 Bxf6 24.Rxf6 c4 25.Bxc4 Qc5+ 26.Rf2 Qxc4 27.Qxd6 Qd4 28.h3 Re8 29.Rb2
Qxc3 30.Qxh6 Qxg3 31.Kf1 Qe5 32.Kg1 Qg3 33.Kf1 Qd3+ 34.Kg1 Qd1+ 35.Kh2 Qxd5
36.Rbd2 Qe5+ 37.Kg1 Kc7 38.Qg6 Re6 {#R} 0-1

[Event "Ch Malaga"]
[Site "masterchessopen.com - Malaga (Spain)"]
[Date "1980.02.16"]
[Round "5"]
[White "Aguiar Garcia Juan (ESP)"]
[Black "Gutierrez De Las Heras Antonio"]
[Result "0-1"]
[WhiteElo "2105"]
[BlackElo "2203"]

1.d4 c5 2.d5 e6 3.c4 exd5 4.cxd5 Nf6 5.Nc3 d6 6.Nf3 g6 7.e4 Bg7 8.Bg5 Bg4
9.Be2 h6 10.Bh4 g5 11.Bg3 Nh5 12.Bb5+ Kf8 13.a4 Nxg3 14.hxg3 Nd7 15.Be2 Qa5
16.Qc2 Bxf3 17.gxf3 a6 18.Kf1 b5 19.Kg2 b4 20.Nd1 Bd4 21.Ne3 Bxe3 22.fxe3 Qd8
23.Rh5 Kg7 24.b3 Qe7 25.Qb2+ f6 26.Rc1 a5 27.Bb5 Ne5 28.Qe2 Raf8 29.f4 Nd7
30.Bd3 Nb6 31.Qg4 f5 32.exf5 Nxd5 33.Re1 Nxe3+ 34.Kf3 Re8 35.f6+ Qxf6 36.Rxe3
Rxe3+ 37.Kxe3 Qd4+ 38.Kd2 Qc3+ 39.Ke2 Re8+ 40.Kf3 Qxd3+ 41.Kg2 Qe2+ 42.Qxe2
Rxe2+ 43.Kf3 Rb2 {#R} 0-1

[Event "It"]
[Site "masterchessopen.com - Bayamo (Cuba)"]
[Round "13"]
[White "Garcia Palermo Carlos (ITA)"]
[Black "Ochoa De Echaguen F Javier (ESP)"]
[Result "1-0"]
[WhiteElo "2460"]
[BlackElo "2436"]

1.d4 Nf6 2.c4 c5 3.d5 e6 4.Nc3 exd5 5.cxd5 d6 6.Nf3 g6 7.e4 Bg7 8.Bg5 O-O
9.Nd2 a6 10.a4 Nbd7 11.Be2 Qe7 12.O-O h6 13.Be3 Ne5 14.h3 g5 15.f4 gxf4
16.Bxf4 Nfd7 17.Bh2 Ng6 18.Nc4 Bd4+ 19.Kh1 Nde5 20.Nb6 Rb8 21.Bh5 Nd7 22.Nxc8
Rbxc8 23.Bg4 Bg7 24.Ne2 Rcd8 25.Ng3 Nh4 26.Nf5 Nxf5 27.Bxf5 Ne5 28.Ra3 b5
29.Bf4 Ng6 30.Bd2 Bxb2 31.Rb3 Bg7 32.Qh5 Kh7 33.Rg3 Qf6 34.Bg5 Qe5 35.Bxh6
Qxg3 36.Bf4+ Kg8 37.Bxg3 b4 38.Qg5 c4 39.h4 Ne5 40.Bxe5 dxe5 41.Qh5 {#r} 1-0

[Event "Ch New Zealand"]
[Site "masterchessopen.com - Lincoln (New Zealand)"]
[Round "2"]
[White "Anderson Bruce R (NZL)"]
[Black "Dekker Kees (NED)"]
[Result "1-0"]
[WhiteElo "2188"]
[BlackElo "2188"]

1.d4 Nf6 2.c4 c5 3.d5 e6 4.Nc3 exd5 5.cxd5 d6 6.Nf3 g6 7.e4 Bg7 8.Bg5 h6 9.Bh4
a6 10.Nd2 b5 11.a4 b4 12.Ncb1 O-O 13.Bd3 Nbd7 14.Nc4 Nb6 15.Nbd2 Nxc4 16.Nxc4
g5 17.Bg3 Nxe4 18.Bxe4 f5 19.Bxf5 Rxf5 20.O-O Bd4 21.Nxd6 Rxd5 22.Qf3 Be6
23.Rfe1 Qd7 24.Nc4 Rf8 25.Qh5 Qf7 26.Qe2 Bd7 27.Ne3 Bxe3 28.Qxe3 Re8 29.Qc1
Rxe1+ 30.Qxe1 Qe8 31.Qf1 a5 32.Re1 Qf7 33.Qa6 Qe6 34.Qa8+ Kh7 35.Kf1 Qc6
36.Re7+ Kg6 37.Qxc6+ Bxc6 38.Re6+ Kf5 39.Rxc6 Ke4 40.Ke2 Kd4 41.Rd6 {#r} 1-0

[Event "Ch New Zealand"]
[Site "masterchessopen.com - Lincoln (New Zealand)"]
[Round "6"]
[White "Anderson Bruce R (NZL)"]
[Black "Green Ewen M (NZL)"]
[Result "0-1"]
[WhiteElo "2188"]
[BlackElo "2258"]

1.d4 Nf6 2.c4 c5 3.d5 e6 4.Nc3 exd5 5.cxd5 d6 6.Nf3 g6 7.e4 Bg7 8.Bg5 h6 9.Bh4
a6 10.Nd2 b5 11.a4 b4 12.Ncb1 Qe7 13.Bd3 Nbd7 14.O-O O-O 15.f4 g5 16.fxg5 Nh7
17.gxh6 Bd4+ 18.Bf2 Bxb2 19.Ra2 Bf6 20.Nc4 Ne5 21.Nxe5 Bxe5 22.Nd2 Kh8 23.Nc4
f6 24.Be3 Rg8 25.Nxe5 fxe5 26.Raf2 Bg4 27.Be2 Bxe2 28.Qxe2 Rgf8 29.Rxf8+ Rxf8
30.Qxa6 Rb8 31.Qe2 Qh4 32.Bc1 Nf6 33.Qf3 Nh7 34.a5 Ra8 35.Qf5 Qe7 36.a6 c4
37.Qg6 Ra7 38.Rf3 c3 39.Rg3 Qf8 40.Rf3 Qe7 41.Qf5 Ra8 42.Rg3 Qa7+ 43.Be3 Qxa6
44.Rg7 Qa1+ 45.Kf2 Ra2+ 46.Bd2 Rxd2+ 47.Kg3 {#R} 0-1

[Event "It (b)"]
[Site "masterchessopen.com - Rome (Italy)"]
[Round "0"]
[White "Hoi Carsten (DEN)"]
[Black "D'Amore Carlo (ITA)"]
[Result "1-0"]
[WhiteElo "2415"]
[BlackElo "2493"]

1.d4 Nf6 2.c4 c5 3.d5 e6 4.Nc3 exd5 5.cxd5 d6 6.e4 g6 7.Nf3 Bg7 8.Bg5 h6 9.Bh4
g5 10.Bg3 Nh5 11.Bb5+ Kf8 12.e5 Nxg3 13.fxg3 a6 14.Bd3 c4 15.Bxc4 b5 16.Bd3
Qb6 17.Qe2 dxe5 18.Nxe5 Ra7 19.O-O-O Re7 20.Ng6+ fxg6 21.Rhf1+ Bf5 22.Qc2 Bf6
23.Bxf5 gxf5 24.Qxf5 Kg7 25.d6 Rf7 26.Kb1 Rd8 27.Ne4 Rdf8 28.Nc5 Kg8 29.Ne6
Bg7 30.Qg6 Qb7 31.d7 Nxd7 32.Rxf7 Rxf7 33.Qxf7+ {#r} 1-0

[Event "It (cat.7)"]
[Site "masterchessopen.com - Vrnjacka Banja (Serbia)"]
[Round "0"]
[White "Djukic Zeljko (SRB)"]
[Black "Karlsson Lars (SWE)"]
[Result "0-1"]
[WhiteElo "2380"]
[BlackElo "2460"]

1.d4 Nf6 2.c4 e6 3.Nf3 c5 4.d5 exd5 5.cxd5 d6 6.Nc3 g6 7.e4 Bg7 8.Bg5 h6 9.Bh4
g5 10.Bg3 Nh5 11.Bb5+ Kf8 12.e5 a6 13.Be2 Nf4 14.Bxf4 gxf4 15.exd6 Bxc3+
16.bxc3 Qxd6 17.O-O Rg8 18.Nd2 Nd7 19.Re1 Ne5 20.Bf1 Bg4 21.f3 Bf5 22.Ne4 Bxe4
23.Rxe4 Ng6 24.c4 Nh4 25.Rb1 b6 26.Qb3 Rb8 27.a4 Nf5 28.Qc3 Nd4 29.Qc1 Nxf3+
30.Kh1 Nd4 31.Qxf4 Rg6 32.Bd3 Rf6 33.Qxd6+ Rxd6 34.Rf4 Re8 35.Rbf1 Re7 36.h4
h5 37.Kh2 Kg7 38.Bf5 b5 39.axb5 axb5 40.cxb5 Nxb5 41.g4 Rxd5 42.gxh5 Rd2+
43.R1f2 Rxf2+ 44.Rxf2 c4 45.Kg3 Nd4 46.Bb1 c3 47.Kf4 Kh6 48.Bd3 Kxh5 49.Ra2
Rc7 50.Ke5 c2 51.Bxc2 Nxc2 52.Ra8 Rc6 53.Rg8 Re6+ 54.Kf4 Nd4 55.Rg7 f5 56.Rh7+
Kg6 {#R} 0-1

[Event "Tournament"]
[Site "masterchessopen.com - Athens (Greece)"]
[Round "0"]
[White "Grivas Efstratios (GRE)"]
[Black "Kotronias Vasilios (GRE)"]
[Result "1-0"]
[WhiteElo "2492"]
[BlackElo "2593"]

1.d4 Nf6 2.c4 c5 3.d5 e6 4.Nc3 exd5 5.cxd5 d6 6.Nf3 g6 7.e4 Bg7 8.Bg5 h6 9.Bh4
g5 10.Bg3 Nh5 11.Bb5+ Kf8 12.Be2 Nxg3 13.hxg3 Nd7 14.Qc2 Qe7 15.Nd1 Ne5 16.Ne3
Ng4 17.O-O Nxe3 18.fxe3 Bd7 19.e5 dxe5 20.Nd2 Kg8 21.Ne4 f5 22.Bc4 Kh7 23.d6
Qe8 24.Nxc5 e4 25.Qb3 Rf8 26.Qxb7 Rd8 27.Qxa7 Be5 28.Bb5 Rf7 29.Nxd7 Rdxd7
30.Bxd7 Rxd7 31.Qc5 Rxd6 32.Rxf5 Bxg3 33.Raf1 Qe6 34.b4 Kg6 35.a4 Kh5 36.Qc2
Qe7 37.b5 Rd3 38.Rf6 Qg7 39.b6 Rxe3 40.b7 Be5 41.Qf2 {#r} 1-0

[Event "Tournament"]
[Site "masterchessopen.com - Barnaul (Russia)"]
[Round "0"]
[White "Fokin Sergey (RUS)"]
[Black "Anikaev Yuri N (RUS)"]
[Result "0-1"]
[WhiteElo "2163"]
[BlackElo "2450"]

1.d4 Nf6 2.c4 e6 3.Nf3 c5 4.d5 exd5 5.cxd5 d6 6.Nc3 g6 7.e4 Bg7 8.Bg5 h6 9.Bh4
O-O 10.Nd2 Re8 11.Be2 Nbd7 12.O-O g5 13.Bg3 Ne5 14.a4 b6 15.Qc2 a6 16.b3 Ra7
17.Rfe1 Rae7 18.Rac1 Nh7 19.f3 Nf8 20.Nd1 Nfg6 21.Ne3 Nf4 22.Bf2 Neg6 23.Bf1
h5 24.Nf5 Bxf5 25.exf5 Rxe1 26.Rxe1 Rxe1 27.Bxe1 Ne7 28.Bxa6 Nfxd5 29.Ne4 Nxf5
30.Qd2 Nde3 31.Be2 Bd4 32.Bf2 Qe7 33.Nc3 Bxc3 34.Qxc3 Nxg2 35.Qd2 Nf4 36.Bf1
Qb7 37.b4 Qxf3 38.a5 c4 39.a6 c3 40.Qa2 Qg4+ 41.Kh1 Qd1 {#R} 0-1

[Event "?"]
[Site "masterchessopen.com - Bayamo (Cuba)"]
[Round "0"]
[White "Rodriguez Amador (ESP)"]
[Black "Ortega Lexy (ITA)"]
[Result "1-0"]
[WhiteElo "2480"]
[BlackElo "2475"]

1.d4 Nf6 2.c4 e6 3.Nf3 c5 4.d5 exd5 5.cxd5 d6 6.Nc3 g6 7.e4 Bg7 8.Bg5 h6 9.Bh4
a6 10.Nd2 O-O 11.a4 Nbd7 12.Be2 Qe7 13.O-O g5 14.Bg3 Ne5 15.Qc2 Bd7 16.a5 Rae8
17.Nd1 Ng6 18.Ne3 Nf4 19.Bf3 h5 20.Rfe1 Ng4 21.Ndc4 Ne5 22.Nxe5 Bxe5 23.Nc4
Qf6 24.Nxe5 Rxe5 25.Qd2 Rfe8 26.h4 Nh3+ 27.gxh3 Qxf3 28.Ra3 Qf6 29.Bxe5 Rxe5
30.Rg3 g4 31.f4 Re7 32.f5 Qxh4 33.Kg2 Qf6 34.hxg4 h4 35.Rh3 Kf8 36.Qf2 Qe6
{#r} 1-0

[Event "Olympiad"]
[Site "masterchessopen.com - Lucerne (Switzerland)"]
[Round "2"]
[White "Abouchaaya Tony (AUS)"]
[Black "Santamaria V (AND)"]
[Result "0-1"]
[WhiteElo "2215"]
[BlackElo "2084"]

1.d4 Nf6 2.c4 c5 3.d5 e6 4.Nc3 exd5 5.cxd5 d6 6.e4 g6 7.Bg5 Bg7 8.Nf3 h6 9.Be3
O-O 10.Bd3 Na6 11.Qd2 Kh7 12.h4 h5 13.O-O-O Rb8 14.e5 dxe5 15.Nxe5 Nd7 16.Bg5
Nxe5 17.Bxd8 Rxd8 18.Be4 b5 19.Qe2 c4 20.d6 Nc5 21.Bc2 b4 22.Ne4 b3 23.axb3
Nxb3+ 24.Kb1 Ba6 25.Bxb3 Rxb3 26.Nc5 Rb6 27.Nxa6 Rxa6 28.d7 Rb6 29.Rh3 Nd3
30.Rhxd3 cxd3 31.Qe7 Rxb2+ 32.Kc1 Rc2+ {#R} 0-1

[Event "It (cat.8)"]
[Site "masterchessopen.com - Polanica Zdroj (Poland)"]
[Round "0"]
[White "Foisor Ovidiu Doru (ROM)"]
[Black "Filipowicz Andrzej (POL)"]
[Result "1-0"]
[WhiteElo "2381"]
[BlackElo "2330"]

1.d4 Nf6 2.c4 c5 3.d5 e6 4.Nc3 exd5 5.cxd5 d6 6.Nf3 g6 7.e4 Bg7 8.Bg5 h6 9.Bh4
a6 10.Nd2 O-O 11.a4 Re8 12.Be2 Nbd7 13.O-O Qc7 14.f4 Rb8 15.Kh1 Nh7 16.Qc2 g5
17.Bg3 gxf4 18.Rxf4 Ne5 19.Nd1 Ng6 20.Rf1 Be5 21.Ra3 b5 22.axb5 axb5 23.Bxe5
Rxe5 24.b4 Ng5 25.Nf3 Nxf3 26.Raxf3 Re7 27.Rf6 cxb4 28.Qd2 Kg7 29.Qxb4 Rb7
30.Nc3 Bd7 31.Rxd6 Ne5 32.Rdf6 Re8 33.Qd4 Kg8 34.Bh5 Bg4 35.Bxf7+ Qxf7 36.Rxf7
Rxf7 37.Rxf7 Kxf7 38.Nxb5 Kf6 39.h3 Bd7 40.Nd6 {#r} 1-0

[Event "It (cat.8)"]
[Site "masterchessopen.com - Polanica Zdroj (Poland)"]
[Round "0"]
[White "Foisor Ovidiu Doru (ROM)"]
[Black "Pokojowczyk Jerzy (POL)"]
[Result "1-0"]
[WhiteElo "2381"]
[BlackElo "2420"]

1.d4 Nf6 2.c4 c5 3.d5 e6 4.Nc3 exd5 5.cxd5 d6 6.Nf3 g6 7.e4 Bg7 8.Bg5 h6 9.Bh4
a6 10.Nd2 b5 11.Be2 Nbd7 12.Qc2 O-O 13.a4 b4 14.Nd1 Re8 15.Ne3 b3 16.Qb1 Qa5
17.Nc4 Qb4 18.O-O Nxd5 19.Nxd6 Qxd2 20.Nxe8 Qxe2 21.Nxg7 Nb4 22.Ne8 Nc2 23.Qd1
Qc4 24.Rc1 g5 25.Bg3 a5 26.Nc7 Ra7 27.Qd6 Qxe4 28.Nd5 Bb7 29.Rcd1 Nd4 30.Ne3
Ba6 31.Rfe1 Qe6 32.Qxe6 fxe6 33.f3 Rb7 34.Kf2 Rb4 35.Ra1 h5 36.Rec1 c4 37.Bd6
Rb7 38.Nxc4 Nc2 39.Nxa5 Rb6 40.Bc7 Rc6 {#r} 1-0

[Event "Ch Great Britain"]
[Site "masterchessopen.com - Torquay (England)"]
[Round "10"]
[White "Martin Andrew D (ENG)"]
[Black "Murshed Niaz (BAN)"]
[Result "1-0"]
[WhiteElo "2399"]
[BlackElo "2442"]

1.d4 Nf6 2.c4 c5 3.d5 e6 4.Nc3 exd5 5.cxd5 d6 6.e4 g6 7.Nf3 Bg7 8.Bg5 h6 9.Bh4
g5 10.Bg3 O-O 11.Nd2 Qe7 12.Be2 Nbd7 13.O-O Ne5 14.f4 gxf4 15.Rxf4 Ng6 16.Rf1
Nd7 17.Bg4 Nde5 18.Bxc8 Raxc8 19.Rf5 c4 20.Qe2 Qc7 21.Nf3 Nd3 22.Kh1 Qb6 23.e5
dxe5 24.Rb1 Rfe8 25.Ne4 Ne7 26.Nh4 Nxf5 27.Nxf5 Qg6 28.Ned6 Rcd8 29.Nxe8 Rxe8
30.Rf1 Bf8 31.h4 h5 32.Bh2 Bc5 33.d6 Bxd6 34.Rf3 Bc5 35.Bg1 Kh7 36.Bxc5 Nxc5
37.Qxc4 e4 38.Rg3 Qxf5 39.Rg5 Re5 40.Rxf5 Rxf5 41.b4 Nd3 42.Kg1 Nf2 43.Qc8 Kg6
44.Qxb7 e3 45.Kf1 Ng4+ 46.Ke1 Rf2 47.a4 Ra2 48.Qd5 Ra1+ 49.Ke2 f6 {#r} 1-0

[Event "Tournament"]
[Site "masterchessopen.com - Athens (Greece)"]
[Round "0"]
[White "Grivas Efstratios (GRE)"]
[Black "Kondou Eva (GRE)"]
[Result "1-0"]
[WhiteElo "2492"]
[BlackElo "2187"]

1.d4 Nf6 2.c4 c5 3.d5 d6 4.Nc3 e6 5.Nf3 exd5 6.cxd5 g6 7.e4 Bg7 8.Bg5 h6 9.Bh4
g5 10.Bg3 Nh5 11.Bb5+ Kf8 12.e5 Nxg3 13.fxg3 g4 14.O-O dxe5 15.Nh4 Qg5 16.Qd3
a6 17.Ne4 Qd8 18.Ng6+ Kg8 19.Nxh8 Bxh8 20.Ba4 b5 21.Bc2 c4 22.Nf6+ Bxf6
23.Qh7+ Kf8 24.Qxh6+ Bg7 25.Rxf7+ Kxf7 26.Rf1+ Ke7 27.Qg5+ {#r} 1-0

[Event "It (active)"]
[Site "masterchessopen.com - Cap d'Agde (France)"]
[Round "3"]
[White "Grivas Efstratios (GRE)"]
[Black "Baudrier Jacques (FRA)"]
[Result "1-0"]
[WhiteElo "2492"]
[BlackElo "2260"]

1.d4 Nf6 2.c4 c5 3.d5 e6 4.Nc3 exd5 5.cxd5 d6 6.Nf3 g6 7.e4 Bg7 8.Bg5 O-O
9.Nd2 a6 10.a4 Qc7 11.Be2 Ne8 12.Nc4 f5 13.Qd2 Nd7 14.exf5 gxf5 15.O-O Ne5
16.Rfe1 Nf6 17.Nxe5 dxe5 18.d6 Qf7 19.Qe3 Nd7 20.Rad1 f4 21.Qe4 Qf5 22.Be7
{#r} 1-0

[Event "It"]
[Site "masterchessopen.com - Eksjo (Sweden)"]
[Round "7"]
[White "Wiedenkeller Michael (SWE)"]
[Black "Rothen Hakan (SWE)"]
[Result "1-0"]
[WhiteElo "2473"]
[BlackElo "2280"]

1.d4 Nf6 2.c4 c5 3.d5 e6 4.Nc3 exd5 5.cxd5 d6 6.e4 g6 7.Nf3 Bg7 8.Bg5 h6 9.Bh4
a6 10.Nd2 b5 11.a4 b4 12.Ncb1 O-O 13.Bd3 Nbd7 14.Nc4 Nb6 15.Nxb6 Qxb6 16.Nd2
Qc7 17.O-O Ng4 18.Qc2 g5 19.Bg3 Ne5 20.Be2 a5 21.f4 gxf4 22.Bxf4 Ba6 23.Bxa6
Rxa6 24.Nc4 Nxc4 25.Qxc4 Rb6 26.Rf3 Qe7 27.Raf1 Re8 28.e5 dxe5 29.Be3 Rf6
30.Bxc5 Qd8 31.Rxf6 Bxf6 32.Qb5 Be7 33.d6 Bf8 34.Qb7 f6 35.Qd5+ Kh8 36.Kh1 Qd7
37.Rxf6 Bg7 38.Rf7 Qxa4 39.d7 Rd8 40.Re7 Kh7 41.h3 Qc2 42.Qxe5 Rg8 43.d8=Q
{#r} 1-0

[Event "It (cat.9)"]
[Site "masterchessopen.com - Hannover (Germany)"]
[Round "0"]
[White "Chen De (CHN)"]
[Black "Lobron Eric (GER)"]
[Result "1-0"]
[WhiteElo "2320"]
[BlackElo "2480"]

1.d4 Nf6 2.c4 e6 3.Nf3 c5 4.d5 exd5 5.cxd5 d6 6.Nc3 g6 7.e4 Bg7 8.Bg5 h6 9.Bh4
a6 10.Nd2 b5 11.Qc2 g5 12.Bg3 Nh5 13.a4 Nxg3 14.hxg3 b4 15.Nd1 Nd7 16.Ne3 Ne5
17.Be2 Rb8 18.Rb1 h5 19.Rxh5 Rxh5 20.Bxh5 b3 21.Nxb3 g4 22.f4 gxf3 23.Bxf3 Qg5
24.Nf1 Rb4 25.Nbd2 a5 26.b3 Ba6 27.Be2 Bxe2 28.Kxe2 Qh5+ 29.Kf2 Ng4+ 30.Ke1
Qh1 31.Nc4 Bd4 32.Qe2 Bf2+ 33.Kd2 Qh6+ 34.Kc2 Qh5 35.Nxd6+ Kd7 36.Nc4 Ne3+
37.Kd3 Ng4 38.Qxg4+ {#r} 1-0

[Event "Ch Great Britain"]
[Site "masterchessopen.com - Southport (England)"]
[Round "6"]
[White "Bradbury Neil H (ENG)"]
[Black "Lawton Geoffrey W (ENG)"]
[Result "1-0"]
[WhiteElo "2350"]
[BlackElo "2380"]

1.d4 Nf6 2.c4 e6 3.Nf3 c5 4.d5 exd5 5.cxd5 d6 6.Nc3 g6 7.Bg5 Bg7 8.e4 h6 9.Bh4
a6 10.Nd2 b5 11.Qc2 O-O 12.Be2 Nbd7 13.O-O g5 14.Bg3 Qe7 15.Rae1 Ne5 16.a4
bxa4 17.Bxe5 Qxe5 18.Nc4 Qe7 19.e5 dxe5 20.Bf3 e4 21.d6 Qd8 22.Nxe4 Nxe4
23.Bxe4 Rb8 24.Bd5 Bb7 25.Rd1 Kh8 26.Rfe1 Bd4 27.Qf5 Bxd5 28.Qxd5 Rb4 29.Ne5
Bxe5 30.Qxe5+ Kg8 31.d7 Rb7 32.Qe8 Rb8 33.Qe5 Rb7 34.Qd6 c4 35.Qd4 a3 36.bxa3
c3 37.Re2 Rb8 38.Qxc3 Qb6 39.g3 Rbd8 40.Red2 Qg6 41.Rd6 {#r} 1-0

[Event "Ch Great Britain"]
[Site "masterchessopen.com - Southport (England)"]
[Round "11"]
[White "Jacobs Byron A (ENG)"]
[Black "Hawksworth John C (ENG)"]
[Result "0-1"]
[WhiteElo "2285"]
[BlackElo "2355"]

1.d4 Nf6 2.Nf3 e6 3.c4 c5 4.d5 exd5 5.cxd5 d6 6.Nc3 g6 7.e4 Bg7 8.Bg5 h6 9.Bh4
a6 10.Nd2 b5 11.a4 b4 12.Ncb1 O-O 13.Bd3 Re8 14.O-O Qc7 15.f3 Nbd7 16.Nc4 Nh5
17.f4 Nxf4 18.Rxf4 g5 19.Rf1 gxh4 20.Nbd2 Ne5 21.Nxe5 Rxe5 22.Qf3 Qe7 23.Nc4
Ra7 24.Nxe5 Bxe5 25.Rae1 Qg5 26.Qe2 f6 27.a5 Rg7 28.Kh1 h5 29.b3 h3 30.gxh3
Bxh3 31.Rg1 Bg4 32.Qf1 Bxh2 33.Rg2 Be5 34.Qf2 Bf3 {#R} 0-1

[Event "Ch Great Britain"]
[Site "masterchessopen.com - Southport (England)"]
[Round "7"]
[White "Richardson John R (ENG)"]
[Black "Kosten Anthony C (FRA)"]
[Result "1-0"]
[WhiteElo "2331"]
[BlackElo "2498"]

1.d4 Nf6 2.c4 e6 3.Nc3 c5 4.d5 exd5 5.cxd5 d6 6.Nf3 g6 7.e4 Bg7 8.Bg5 h6 9.Bh4
a6 10.Nd2 b5 11.Qc2 O-O 12.Be2 Re8 13.O-O Nbd7 14.a4 b4 15.Nd1 b3 16.Qb1 g5
17.Bg3 Nxd5 18.Bxd6 Ne5 19.Bxe5 Rxe5 20.exd5 Rxe2 21.Qd3 Re5 22.Ne3 f5 23.Qxb3
Bd7 24.Nec4 Rb8 25.Qd3 Re8 26.Rae1 Bxb2 27.Nxb2 Rxb2 28.Qxa6 Kg7 29.Nf3 Qb8
30.Rxe8 Bxe8 31.Qd3 Bxa4 32.Re1 Rb7 33.Qxf5 Qf4 34.Qc8 Rc7 35.Qa6 Rf7 36.h3
Bd7 37.Qa1+ Kh7 38.Qe5 Qb4 39.Qe4+ Bf5 40.Qe8 Qb7 41.d6 Qd7 42.Qb8 Qa4 43.Re8
Qa1+ 44.Kh2 Bd7 45.Re3 Qf1 46.Re7 Qc4 47.Qb1+ Kg7 48.Qb2+ Kg8 49.Ne5 Qf4+
50.g3 Qxf2+ 51.Qxf2 Rxf2+ 52.Kg1 Rd2 53.Rxd7 Rd5 54.Rd8+ Kg7 55.d7 Kf6 56.Re8
c4 57.Ng4+ {#r} 1-0

[Event "It \"]
[Site "masterchessopen.com - USA"]
[Round "1"]
[White "Schroer Jonathan (USA)"]
[Black "Alexopoulos Georgios (GRE)"]
[Result "1-0"]
[WhiteElo "2359"]
[BlackElo "2249"]

1.d4 Nf6 2.c4 c5 3.d5 e6 4.Nc3 exd5 5.cxd5 d6 6.e4 g6 7.Nf3 Bg7 8.Bg5 h6 9.Bh4
a6 10.Nd2 b5 11.Qc2 g5 12.Bg3 Nh5 13.a4 Nxg3 14.hxg3 b4 15.Nd1 Nd7 16.Ne3 Ne5
17.Be2 O-O 18.g4 Re8 19.g3 Qf6 20.O-O Bd7 21.Kg2 Ra7 22.Rh1 Bc8 23.Raf1 Rae7
24.f3 Kf8 25.Nf5 Bxf5 26.gxf5 a5 27.Re1 Rc7 28.f4 gxf4 29.gxf4 Nd7 30.Bb5 Qxb2
31.Qxb2 Bxb2 32.Nc4 Bc3 33.Nxd6 Bxe1 34.Nxe8 Kxe8 35.Rxe1 c4 36.e5 c3 37.e6
fxe6 38.fxe6 Kd8 39.exd7 Rxd7 40.Bxd7 Kxd7 41.f5 c2 42.f6 {#r} 1-0

[Event "It (open) \"]
[Site "masterchessopen.com - Copenhagen (Denmark)"]
[Round "8"]
[White "Holmsgaard Henrik (DEN)"]
[Black "Bjerring Kai (DEN)"]
[Result "0-1"]
[WhiteElo "2320"]
[BlackElo "2298"]

1.d4 Nf6 2.c4 c5 3.d5 e6 4.Nc3 exd5 5.cxd5 d6 6.e4 g6 7.Nf3 Bg7 8.Bg5 h6 9.Bh4
a6 10.Nd2 b5 11.Be2 Nbd7 12.Qc2 c4 13.O-O O-O 14.Rae1 Re8 15.h3 Qc7 16.f4 Nc5
17.a3 Bd7 18.Bg3 Rab8 19.Rf3 a5 20.Bf1 b4 21.axb4 axb4 22.Ncb1 c3 23.bxc3 b3
24.Qd1 Nfxe4 25.Kh2 b2 26.Rfe3 Ba4 27.Qf3 Nxd2 28.Rxe8+ Rxe8 29.Rxe8+ Bxe8
30.Nxd2 Qb8 31.Nb1 Bd7 32.Bc4 Bf5 33.Qd1 Qa7 34.Bb3 Nxb3 35.Qxb3 Bxb1 {#R} 0-1

[Event "Tournament"]
[Site "masterchessopen.com - Athens (Greece)"]
[Round "0"]
[White "Grivas Efstratios (GRE)"]
[Black "Kalinski Krunoslav (CRO)"]
[Result "1-0"]
[WhiteElo "2492"]
[BlackElo "2123"]

1.d4 Nf6 2.c4 c5 3.d5 e6 4.Nc3 exd5 5.cxd5 d6 6.Nf3 g6 7.e4 Bg7 8.Bg5 h6 9.Bh4
O-O 10.Nd2 Na6 11.Be2 Nc7 12.O-O Re8 13.a4 b6 14.f4 Rb8 15.Bb5 Bd7 16.Qf3 Nxb5
17.axb5 Qc7 18.Nc4 Bg4 19.Qg3 Bc8 20.e5 dxe5 21.fxe5 Ng4 22.e6 {#r} 1-0

[Event "corr."]
[Site "masterchessopen.com - Great Britain"]
[Round "0"]
[White "Dodgson John A (ENG)"]
[Black "Giulian Philip M (SCO)"]
[Result "0-1"]
[WhiteElo "2120"]
[BlackElo "2294"]

1.d4 Nf6 2.c4 c5 3.d5 e6 4.Nc3 exd5 5.cxd5 d6 6.e4 g6 7.Nf3 Bg7 8.Bg5 h6 9.Bh4
a6 10.Nd2 b5 11.a4 b4 12.Ncb1 O-O 13.Bd3 Re8 14.O-O Nbd7 15.f4 Qc7 16.Qf3 c4
17.Rc1 c3 18.bxc3 g5 19.fxg5 Ne5 20.Qe2 Nfg4 21.Nf3 hxg5 22.Bg3 Bb7 23.Nbd2
bxc3 24.Nc4 Nxc4 25.Bxc4 Qc5+ 26.Kh1 Bxd5 27.Bxd5 Qxd5 28.Qxa6 Rxe4 29.Qb5
Qxb5 30.axb5 Rxa1 31.Rxa1 Rb4 32.Bxd6 Rxb5 33.h3 c2 34.Rc1 Rb1 35.Ba3 Bf8 {#R}
0-1

[Event "Ch Netherlands (open)"]
[Site "masterchessopen.com - Dieren (Netherlands)"]
[Round "4"]
[White "Peek Marcel (NED)"]
[Black "Krudde Fitzgerald (NED)"]
[Result "1-0"]
[WhiteElo "2338"]
[BlackElo "2298"]

1.d4 Nf6 2.c4 e6 3.Nf3 c5 4.d5 exd5 5.cxd5 d6 6.Nc3 g6 7.e4 Bg7 8.Bg5 O-O
9.Nd2 Nbd7 10.Be2 h6 11.Bh4 g5 12.Bg3 Ne5 13.O-O a6 14.a4 Rb8 15.Bxe5 dxe5
16.a5 Ne8 17.Nc4 Nd6 18.Nxd6 Qxd6 19.Bg4 b5 20.axb6 Rxb6 21.Bxc8 Rxc8 22.Qe2
Qb8 23.Rxa6 Rxb2 24.Qg4 Rb3 25.Ne2 Rb1 26.Ng3 Qb7 27.Ra7 Rxf1+ 28.Nxf1 Qb8
29.Qd7 Rf8 30.Rb7 Qa8 31.Rc7 Qb8 32.Qc6 Rd8 33.d6 Bf8 34.Qd5 {#r} 1-0

[Event "Bundesliga 1985/86"]
[Site "masterchessopen.com - Germany"]
[Round "0"]
[White "Gruenenwald Joerg (SUI)"]
[Black "Lobron Eric (GER)"]
[Result "1-0"]
[WhiteElo "2331"]
[BlackElo "2525"]

1.d4 Nf6 2.c4 e6 3.Nf3 c5 4.d5 exd5 5.cxd5 d6 6.Nc3 g6 7.e4 Bg7 8.Bg5 h6 9.Bh4
a6 10.Nd2 b5 11.Be2 Nbd7 12.Qc2 Rb8 13.O-O O-O 14.a4 b4 15.Nd1 Re8 16.Ne3 b3
17.Qb1 Rb4 18.f3 Rd4 19.Nxb3 Rb4 20.Qc2 Ng4 21.Bxd8 Nxe3 22.Qc1 Rxb3 23.Ba5
Bxb2 24.Qb1 c4 25.Kh1 Nc5 26.Ra2 c3 27.Bd1 Rb7 28.Rf2 Nc4 29.Bxc3 Bxc3 30.Qc1
Be1 31.Qxc4 Rb4 32.Qe2 Bxf2 33.Qxf2 Bd7 34.h4 Rb1 35.Qc2 Reb8 36.Kh2 h5 37.Be2
R1b4 38.a5 Bb5 39.Qc3 Bxe2 40.Rxe2 Rb1 41.Qf6 Nb7 42.Rb2 Nxa5 43.Rxb8+ {#r}
1-0